000 01001nam a22002657a 4500
008 250428e20250624xxk|||||o|||| 00| 0 eng d
041 _aeng
110 _aRoyal Institution of Chartered Surveyors
245 _aDamp and mould:
_ba consumer guide
_h[Electronic resource]
260 _aLondon,
_bRoyal Institution of Chartered Surveyors,
_cJune 2025
490 _aRICS Consumer Guide
520 _aThis consumer guide helps owners and occupiers of residential property to manage and maintain their homes. Note this is only available as a web page and not as a pdf.
650 _aDAMP
650 _aMOULD
650 _aMOISTURE
650 _aLANDLORD AND TENANT
650 _aAWAAB'S LAW
650 _aRESIDENTIAL PROPERTY
650 _aRESPONSIBLE PERSONS
651 _aUnited Kingdom
690 _aHealth and safety
_96244
710 _aRoyal Institution of Chartered Surveyors
856 _uhttps://www.rics.org/consumer-guides/damp-and-mould
_zAvailable on RICS.org
942 _n0
999 _c122174
_d122174